000 01066nam0a22002531 4500
001 rc\628683
005 20031121164329.2
035 _a(NLR Aleph) 005870928
090 _a5977975
_c5977975
100 _a20031121d1986 u |0rusy50 ca
101 0 _arus
102 _aRU
105 _aa |||||||||
200 1 _aОрганизационно-технические основы создания ГПС механообработки предприятий Минхиммаша
_e(Конспект лекций)
_fМ-во хим. и нефт. машиностроения СССР, Ин-т повышения квалификации руководящих работников и специалистов
210 _aМ.
_cБ. и.
_d1986
215 _a74 с.
_cил.
_d21
320 _aБиблиогр.: с. 70-72 (44 назв.)
700 1 _aКорнилов
_bВ. А.
_gВиктор Александрович
701 1 _aНекрасов
_bС. А.
801 0 _aRU
_bNLR
_gpsbo
801 1 _aRU
_bELAR
_2rusmarc
852 _aNLR
_j87-6/22
942 _cBOOK
980 _aNB